000 00542nam a22001817a 4500
005 20250412150056.0
008 250412b |||||||| |||| 00| 0 eng d
020 _a9789361774027
040 _aSDCL
_cSDCL
_dSDCL
041 _2eng
_aeng
084 _aX.275'M R4
100 _aDatta, Rajat
245 _aEconomic transition in early modern India :
_bProduction, subsistence and the market in eighteenth-century Bengal
260 _aDelhi :
_bPrimus Books,
_c2024.
300 _axx,287p.
942 _2CC
_cTEXL
_n0
999 _c1308920
_d1308920